000 00473nam a2200157Ia 4500
003 OSt
005 20200707102630.0
008 190216s9999||||xx |||||||||||||| ||und||
040 _coclc
082 _a320.973
_bTOC/D
100 _aTocqueville, Alexis De
_92661
245 0 _aDemocracy In America Vol 1 /
_cAlexis De Tocqueville
260 _bPopular Prakashan,
_c1964.
_aBombay:
300 _a509p
942 _cBK
_2ddc
_h320.973
_iTOC/D
_k320.973
_mTOC/D
999 _c18878
_d18878